Normal view
MARC view
Entry Geographic Name
001 - CONTROL NUMBER
- control field: 44447
003 - CONTROL NUMBER IDENTIFIER
- control field: ARRUPE
005 - DATE AND TIME OF LATEST TRANSACTION
- control field: 20190206114444.0
008 - FIXED-LENGTH DATA ELEMENTS
- fixed length control field: 190206|| aca||aabn | a|a d
040 ## - CATALOGING SOURCE
- Original cataloging agency: ARRUPE
- Transcribing agency: ARRUPE
151 ## - HEADING--GEOGRAPHIC NAME
- Geographic name: Africa
- General subdivision: Antiquities.
670 ## - SOURCE DATA FOUND
- Source citation: Work cat.: (ARRUPE)0: Willcox, A. R. 44444, The rock art of Africa /, c1984.